[Event "DEM U12 2019"]
[Site "Willingen GER"]
[Date "2019.06.12"]
[Round "6"]
[White "Heinrich, John"]
[Black "Weyerer, Noah"]
[Result "1/2-1/2"]
[Termination "normal"]
[Board "17"]
[WhiteElo "1695"]
[BlackElo "1320"]
[PlyCount "56"]
[WhiteFideId "16259491"]
[BlackFideId "16250664"]
[EventCountry "GER"]
[EventRounds "9"]
[EventType "swiss"]
[EventDate "2019.06.08"]

1. e4 d5 2. exd5 Qxd5 3. Nc3 Qd6 4. d4 Nf6 5. Nf3 c6 6. Ne5 Nbd7 7. Nc4 Qc7 8.
Qf3 Nb6 9. Bf4 Qd7 10. O-O-O Qg4 11. Qxg4 Bxg4 12. f3 Be6 13. Nxb6 axb6 14. a3
Bd5 15. Bd3 b5 16. Rhe1 e6 17. Ne4 Bxe4 18. fxe4 b4 19. axb4 Bxb4 20. c3 Be7
21. Kc2 O-O 22. Ra1 h6 23. b4 g5 24. Be3 Ng4 25. Bg1 Nf6 26. Kd2 Nd7 27. b5 c5
28. d5 e5 1/2-1/2

[Event "DEM U12 2019"]
[Site "Willingen GER"]
[Date "2019.06.12"]
[Round "6"]
[White "Bolz, Jannis"]
[Black "Hoffmann, Kay"]
[Result "1-0"]
[Termination "normal"]
[Board "18"]
[WhiteElo "1618"]
[BlackElo "1433"]
[PlyCount "83"]
[WhiteFideId "16214897"]
[BlackFideId "16227000"]
[EventCountry "GER"]
[EventRounds "9"]
[EventType "swiss"]
[EventDate "2019.06.08"]

1. e4 d5 2. exd5 Qxd5 3. Nc3 Qa5 4. d4 Nf6 5. Nf3 Nc6 6. h3 Bf5 7. Bb5 Nd5 8.
Bxc6+ bxc6 9. Bd2 Qb6 10. Nxd5 cxd5 11. Rb1 e6 12. O-O Be7 13. b3 O-O 14. Be3
Rfc8 15. Ne5 Bd6 16. Nd3 Bxd3 17. Qxd3 c5 18. c3 Qa5 19. dxc5 Be7 20. Ra1 Qa3
21. b4 a5 22. Rfb1 axb4 23. Rb3 Qa6 24. cxb4 Qxd3 25. Rxd3 Bf6 26. Bd4 e5 27.
Bb2 d4 28. Rdd1 Rab8 29. a3 Be7 30. Re1 f6 31. Bxd4 Rd8 32. Be3 Kf7 33. Red1
Ke6 34. Kf1 Ra8 35. Ke2 Rxd1 36. Kxd1 Kd5 37. Kc2 Kc4 38. Kb2 Kb5 39. Kb3 Rd8
40. a4+ Ka6 41. b5+ Ka7 42. c6+ 1-0

[Event "DEM U12 2019"]
[Site "Willingen GER"]
[Date "2019.06.12"]
[Round "6"]
[White "Krüger, Arthur"]
[Black "Hänselmann, Hendrik"]
[Result "1/2-1/2"]
[Termination "normal"]
[Board "19"]
[WhiteElo "1613"]
[BlackElo "1819"]
[PlyCount "79"]
[WhiteFideId "16244966"]
[BlackFideId "16232755"]
[EventCountry "GER"]
[EventRounds "9"]
[EventType "swiss"]
[EventDate "2019.06.08"]

1. e4 c6 2. d4 d5 3. exd5 cxd5 4. Nf3 Nf6 5. Ne5 Nc6 6. Bb5 Bd7 7. Nxd7 Qxd7 8.
c3 e6 9. O-O Be7 10. Nd2 O-O 11. Nf3 Qc7 12. Bg5 Rac8 13. Bd3 Rfe8 14. Re1 h6
15. Bh4 Qb6 16. Rb1 Qa5 17. Qb3 Qb6 18. Qxb6 axb6 19. Kf1 Ra8 20. a3 Nd7 21.
Bg3 Rec8 22. Ke2 Na5 23. Ne5 Nxe5 24. Bxe5 Nc4 25. Bxc4 Rxc4 26. Kd3 Rd8 27. h3
Bd6 28. Bxd6 Rxd6 29. b3 Rc8 30. a4 Kf8 31. Rbc1 Rdc6 32. Re2 Ke7 33. Rec2 Kd6
34. c4 e5 35. dxe5+ Kxe5 36. cxd5 Kxd5 37. Rxc6 bxc6 38. Re1 Rc7 39. f4 f6 40.
Re2 1/2-1/2

[Event "DEM U12 2019"]
[Site "Willingen GER"]
[Date "2019.06.12"]
[Round "6"]
[White "Morczynski, Joachim"]
[Black "Ensslinger, Colin"]
[Result "1/2-1/2"]
[Termination "normal"]
[Board "20"]
[WhiteElo "1733"]
[BlackElo "1690"]
[PlyCount "104"]
[WhiteFideId "16209745"]
[BlackFideId "16226011"]
[EventCountry "GER"]
[EventRounds "9"]
[EventType "swiss"]
[EventDate "2019.06.08"]

1. e4 c5 2. Nf3 Nc6 3. Bb5 Nf6 4. e5 Nd5 5. O-O g6 6. c3 Bg7 7. d4 Nc7 8. Ba4
b5 9. Bb3 O-O 10. Re1 d6 11. exd6 exd6 12. dxc5 dxc5 13. Bf4 Ne6 14. Bxe6 Bxe6
15. Bd6 Re8 16. Bxc5 Qxd1 17. Rxd1 Bg4 18. Nbd2 Ne5 19. h3 Bxf3 20. Nxf3 Nxf3+
21. gxf3 Re2 22. Rab1 a5 23. Be3 b4 24. Rd2 Rxd2 25. Bxd2 Rd8 26. Be1 bxc3 27.
bxc3 Rd3 28. Rb8+ Bf8 29. Ra8 Kg7 30. Rxa5 Rxf3 31. Kg2 Rd3 32. c4 Ra3 33. Rxa3
Bxa3 34. Bc3+ Kf8 35. Kf3 Ke7 36. Ke4 Kd6 37. Bd4 h5 38. Kf4 Bc1+ 39. Be3 Bb2
40. a4 Kc6 41. a5 Kb7 42. Bb6 Bc3 43. c5 Bf6 44. f3 Be7 45. Ke5 g5 46. Kd5 Bxc5
47. Kxc5 f5 48. Bd8 g4 49. fxg4 fxg4 50. hxg4 hxg4 51. Kd4 Ka8 52. Ke4 Kb7
1/2-1/2

[Event "DEM U12 2019"]
[Site "Willingen GER"]
[Date "2019.06.12"]
[Round "6"]
[White "Hoppstädter, Daniel"]
[Black "Brunner, Alexander"]
[Result "1/2-1/2"]
[Termination "normal"]
[Board "21"]
[WhiteElo "1576"]
[BlackElo "1539"]
[PlyCount "67"]
[WhiteFideId "16243625"]
[BlackFideId "12965278"]
[EventCountry "GER"]
[EventRounds "9"]
[EventType "swiss"]
[EventDate "2019.06.08"]

1. d4 d5 2. c4 e6 3. Nc3 f5 4. cxd5 exd5 5. Bf4 Bd6 6. Bxd6 Qxd6 7. e3 Bd7 8.
Bd3 Nf6 9. Nge2 Nc6 10. O-O O-O-O 11. Rc1 Ng4 12. Ng3 a6 13. h3 Nxe3 14. fxe3
Qxg3 15. Nxd5 Rhf8 16. Rf3 Qh4 17. Qc2 Kb8 18. b4 Be6 19. Nf4 Bd5 20. Nxd5 Rxd5
21. Bxa6 Qe7 22. a3 Nxd4 23. exd4 bxa6 24. Rc3 Rd7 25. a4 Rfd8 26. b5 axb5 27.
axb5 Rxd4 28. b6 c6 29. Rxc6 Qe3+ 30. Kh1 Qxc1+ 31. Qxc1 Rd1+ 32. Qxd1 Rxd1+
33. Kh2 Rd7 34. Kg3 1/2-1/2

[Event "DEM U12 2019"]
[Site "Willingen GER"]
[Date "2019.06.12"]
[Round "6"]
[White "Kageler, Anton Paul"]
[Black "Honstein, Michael"]
[Result "0-1"]
[Termination "normal"]
[Board "22"]
[WhiteElo "1563"]
[BlackElo "1378"]
[PlyCount "98"]
[WhiteFideId "16244850"]
[BlackFideId "16287053"]
[EventCountry "GER"]
[EventRounds "9"]
[EventType "swiss"]
[EventDate "2019.06.08"]

1. e4 c5 2. Nf3 Nc6 3. d4 cxd4 4. Nxd4 e5 5. Nb5 a6 6. Nd6+ Bxd6 7. Qxd6 Qf6 8.
Qd1 Qg6 9. Nc3 d5 10. Nxd5 Qxe4+ 11. Ne3 Nf6 12. Bd3 Qb4+ 13. c3 Qe7 14. O-O
O-O 15. Bf5 Bxf5 16. Nxf5 Qe6 17. Qc2 Rac8 18. Ng3 Rfd8 19. Bg5 h6 20. Bxf6
Qxf6 21. Ne4 Qg6 22. Qe2 Ne7 23. Rfd1 Nd5 24. h3 Nf4 25. Qf3 Rxd1+ 26. Rxd1 Rc6
27. Ng3 Rb6 28. b3 Qc2 29. Rd8+ Kh7 30. Qe4+ Qxe4 31. Nxe4 Rg6 32. Ng3 h5 33.
h4 Rg4 34. Rd7 Rxh4 35. Rxf7 Rg4 36. Kf1 h4 37. Ne2 Nxe2 38. Kxe2 Rxg2 39. Rf3
Kh6 40. Rh3 Kh5 41. Kf3 Rg1 42. a4 g5 43. Rh2 g4+ 44. Ke4 h3 45. Kxe5 Rg2 46.
Rh1 Rxf2 47. Ke4 Kh4 48. Ke3 Rg2 49. Kd4 g3 0-1

[Event "DEM U12 2019"]
[Site "Willingen GER"]
[Date "2019.06.12"]
[Round "6"]
[White "Schreidl, Michael"]
[Black "Meuer, David"]
[Result "0-1"]
[Termination "normal"]
[Board "23"]
[WhiteElo "1586"]
[BlackElo "1549"]
[PlyCount "74"]
[WhiteFideId "16265750"]
[BlackFideId "16262964"]
[EventCountry "GER"]
[EventRounds "9"]
[EventType "swiss"]
[EventDate "2019.06.08"]

1. e4 d5 2. exd5 Qxd5 3. Nc3 Qa5 4. d4 c6 5. Nf3 Nf6 6. Bd3 Bg4 7. h3 Bh5 8.
O-O e6 9. Re1 Nbd7 10. Bd2 Be7 11. Ne2 Qd8 12. Nf4 Bxf3 13. Qxf3 Qb6 14. Qe3
O-O-O 15. c3 g5 16. Ne2 Rdg8 17. b4 h5 18. Qg3 g4 19. Bf4 h4 20. Qh2 Nd5 21.
hxg4 Rxg4 22. f3 Rgg8 23. Qh3 Nxf4 24. Nxf4 Qc7 25. Ne2 Bd6 26. Red1 Qd8 27. f4
Qf6 28. Rf1 Qg7 29. f5 Qg4 30. Qxg4 Rxg4 31. Kf2 Rhg8 32. Kf3 Rxg2 33. Rh1 Be7
34. Nf4 R8g3+ 35. Ke4 Nf6+ 36. Ke5 Re3+ 37. Be4 Rxe4# 0-1

[Event "DEM U12 2019"]
[Site "Willingen GER"]
[Date "2019.06.12"]
[Round "6"]
[White "Gerdes, Jannes"]
[Black "Phan Trong, Dai"]
[Result "1/2-1/2"]
[Termination "normal"]
[Board "24"]
[WhiteElo "1517"]
[BlackElo "1657"]
[PlyCount "128"]
[WhiteFideId "16254627"]
[BlackFideId "16236939"]
[EventCountry "GER"]
[EventRounds "9"]
[EventType "swiss"]
[EventDate "2019.06.08"]

1. e4 e5 2. Nf3 Nc6 3. Bc4 Bc5 4. c3 Nf6 5. d3 d6 6. Bb3 Be6 7. Nbd2 Bxb3 8.
axb3 O-O 9. Nf1 h6 10. Ng3 d5 11. O-O dxe4 12. dxe4 Qxd1 13. Rxd1 Rfd8 14. Re1
a6 15. h3 Rd3 16. Nf5 Rad8 17. Kf1 Rd1 18. Rxd1 Rxd1+ 19. Ke2 Rd8 20. Ng3 Kh7
21. Be3 Bxe3 22. Kxe3 g6 23. Nf1 Nd7 24. Rd1 Kg7 25. b4 Kf6 26. Rd3 Nb6 27. b3
Rxd3+ 28. Kxd3 Ke6 29. g4 Nd7 30. Ne3 Ne7 31. Nd2 b5 32. c4 c6 33. Ng2 g5 34.
Ke3 Ng6 35. Nf3 Nb6 36. c5 Nd7 37. h4 Nf6 38. hxg5 Nxg4+ 39. Ke2 hxg5 40. Nxg5+
Kf6 41. Nh3 Ke7 42. f3 Nf6 43. Ke3 Nd7 44. f4 f6 45. f5 Ngf8 46. Nh4 a5 47.
bxa5 Nxc5 48. b4 Na6 49. Nf2 Nxb4 50. Ng4 Nd7 51. Ng6+ Kd6 52. Nh8 c5 53. Nf7+
Ke7 54. Nfh6 c4 55. Kd2 Nc6 56. a6 b4 57. Ne3 c3+ 58. Kc1 Nb6 59. Nd5+ Nxd5 60.
exd5 Na7 61. Ng8+ Kd6 62. Nxf6 Nc8 63. Kc2 Kc5 64. Kd3 Kd6 1/2-1/2

[Event "DEM U12 2019"]
[Site "Willingen GER"]
[Date "2019.06.12"]
[Round "6"]
[White "Duong, Quang Bach"]
[Black "Krömer, Emanuel"]
[Result "1-0"]
[Termination "normal"]
[Board "25"]
[WhiteElo "1647"]
[BlackElo "1466"]
[PlyCount "45"]
[WhiteFideId "16287045"]
[BlackFideId "16287070"]
[EventCountry "GER"]
[EventRounds "9"]
[EventType "swiss"]
[EventDate "2019.06.08"]

1. e4 d5 2. exd5 Qxd5 3. Nc3 Qa5 4. Bc4 Nf6 5. d4 Nc6 6. Bd2 Qb6 7. d5 Ng4 8.
Qe2 Nd4 9. Na4 Qf6 10. Bc3 a6 11. Qd2 e6 12. Bxd4 Bb4 13. c3 Qf5 14. Bd3 Qxd5
15. Be2 e5 16. cxb4 exd4 17. Nf3 Qc6 18. Nc5 b6 19. Nb3 O-O 20. O-O Bb7 21.
Qxd4 Rad8 22. Qxg4 Bc8 23. Qg3 1-0

[Event "DEM U12 2019"]
[Site "Willingen GER"]
[Date "2019.06.12"]
[Round "6"]
[White "Fink, Moritz"]
[Black "Winkler, Yonathan"]
[Result "0-1"]
[Termination "normal"]
[Board "26"]
[WhiteElo "1392"]
[BlackElo "1536"]
[PlyCount "112"]
[WhiteFideId "16235711"]
[BlackFideId "16266080"]
[EventCountry "GER"]
[EventRounds "9"]
[EventType "swiss"]
[EventDate "2019.06.08"]

1. e4 e5 2. Nf3 Nc6 3. Bc4 Bc5 4. c3 Nf6 5. d4 exd4 6. cxd4 Bb4+ 7. Bd2 Bxd2+
8. Nbxd2 d5 9. exd5 Nxd5 10. Qb3 Nce7 11. O-O O-O 12. Rfe1 c6 13. Rac1 Qb6 14.
Nf1 Qxb3 15. Bxb3 h6 16. Ng3 Be6 17. Ne4 Rad8 18. Nc3 Rfe8 19. Re2 Nf4 20. Re3
Bxb3 21. axb3 Ned5 22. Nxd5 Nxd5 23. Rxe8+ Rxe8 24. Re1 Rxe1+ 25. Nxe1 Kf8 26.
g3 Ke7 27. Kg2 Ke6 28. Nc2 Kf5 29. Kf3 g5 30. h3 h5 31. g4+ hxg4+ 32. hxg4+ Ke6
33. Ke4 Nf6+ 34. Kf3 Kd5 35. Ne3+ Kxd4 36. Ke2 b5 37. Nf5+ Kd5 38. f3 a5 39.
Kd3 Nd7 40. Ne7+ Kd6 41. Nf5+ Ke5 42. Ke3 Nc5 43. Nd4 Kd5 44. Nf5 Nxb3 45. f4
gxf4+ 46. Kxf4 Ke6 47. g5 c5 48. Ng7+ Ke7 49. Ke5 b4 50. Nf5+ Kf8 51. Kf6 Nd2
52. Nd6 a4 53. Nxf7 Ne4+ 54. Kg6 Nxg5 55. Nxg5 a3 56. Ne4 a2 0-1

[Event "DEM U12 2019"]
[Site "Willingen GER"]
[Date "2019.06.12"]
[Round "6"]
[White "Werner, Florin"]
[Black "Andrade, Ruben"]
[Result "0-1"]
[Termination "normal"]
[Board "27"]
[WhiteElo "1288"]
[BlackElo "1480"]
[PlyCount "114"]
[WhiteFideId "16250230"]
[BlackFideId "16246829"]
[EventCountry "GER"]
[EventRounds "9"]
[EventType "swiss"]
[EventDate "2019.06.08"]

1. e4 d5 2. exd5 Qxd5 3. Nc3 Qd6 4. d4 c6 5. g3 Nf6 6. Bf4 Qd8 7. Bg2 Bf5 8.
Nf3 e6 9. O-O Bd6 10. Ne2 Qc7 11. Qd2 Nbd7 12. Rfe1 Bxf4 13. Nxf4 O-O-O 14. a4
Nb6 15. b3 Nbd5 16. Nd3 Rdg8 17. a5 h5 18. Nc5 Nd7 19. b4 Bg4 20. Nxd7 Bxf3 21.
Nb6+ axb6 22. axb6 Qxb6 23. Bxf3 Qxb4 24. Qxb4 Nxb4 25. Bxh5 g6 26. Ra8+ Kc7
27. Rxg8 Rxg8 28. Bd1 Rd8 29. c3 Nd5 30. c4 Nf6 31. d5 cxd5 32. cxd5 Nxd5 33.
Bf3 b5 34. h4 Kd6 35. h5 gxh5 36. Bxh5 Rd7 37. Kg2 b4 38. Rb1 Rb7 39. Rb3 Kc5
40. Be2 Ra7 41. f4 Ra2 42. Kf1 Ra3 43. Bd1 Ne3+ 44. Ke2 Nxd1 45. Rxa3 bxa3 46.
Kxd1 a2 47. Kd2 a1=Q 48. g4 Qd4+ 49. Ke2 Qxf4 50. Kd3 Qxg4 51. Ke3 Kd5 52. Kd3
Qg3+ 53. Kd2 Kd4 54. Kc2 Qa3 55. Kd2 Qb2+ 56. Ke1 Ke3 57. Kf1 Qf2# 0-1

[Event "DEM U12 2019"]
[Site "Willingen GER"]
[Date "2019.06.12"]
[Round "6"]
[White "Langen, Sebastian"]
[Black "Wessel, Daniel"]
[Result "0-1"]
[Termination "normal"]
[Board "28"]
[WhiteElo "1167"]
[BlackElo "1501"]
[PlyCount "128"]
[WhiteFideId "16287088"]
[BlackFideId "16244982"]
[EventCountry "GER"]
[EventRounds "9"]
[EventType "swiss"]
[EventDate "2019.06.08"]

1. e4 e6 2. d4 d5 3. exd5 exd5 4. Nf3 Bf5 5. Bf4 Bd6 6. Bg3 Bxg3 7. hxg3 h6 8.
Bd3 Bxd3 9. Qxd3 Qe7+ 10. Qe3 Qxe3+ 11. fxe3 Nf6 12. Nc3 c6 13. O-O-O Nbd7 14.
Rde1 O-O-O 15. Nd2 Kc7 16. e4 dxe4 17. Ndxe4 Rhe8 18. Nf2 Nb6 19. Rd1 Nbd5 20.
Nxd5+ Nxd5 21. Rd2 Nf6 22. Rhd1 Ne4 23. Nxe4 Rxe4 24. Rd3 Re2 25. Rg1 Rde8 26.
Kd1 f6 27. c3 R8e3 28. Rxe3 Rxe3 29. g4 Rg3 30. Kd2 Rxg4 31. Ke3 f5 32. Kf3 Re4
33. Kf2 Kd6 34. Re1 Rxe1 35. Kxe1 Kd5 36. Kd2 Ke4 37. Ke2 g5 38. g3 h5 39. a3
f4 40. gxf4 gxf4 41. Kf2 h4 42. b3 Kd3 43. Kf3 Kxc3 44. Kxf4 Kxd4 45. Kg4 Kc3
46. b4 Kb3 47. Kxh4 Kxa3 48. Kg3 Kxb4 49. Kf2 Kc3 50. Ke3 a5 51. Ke2 Kc2 52.
Ke3 a4 53. Kd4 a3 54. Kc5 a2 55. Kd4 a1=Q+ 56. Ke4 Qa5 57. Kd4 Qd5+ 58. Ke3 Qc4
59. Kf3 Qd4 60. Kg3 Qe4 61. Kf2 Kd2 62. Kg3 Ke2 63. Kh3 Kf2 64. Kh2 Qh4# 0-1

[Event "DEM U12 2019"]
[Site "Willingen GER"]
[Date "2019.06.12"]
[Round "6"]
[White "Pfeffer, Samuel"]
[Black "Janssen, Joris Frederik"]
[Result "1-0"]
[Termination "normal"]
[Board "29"]
[WhiteElo "1333"]
[BlackElo "1274"]
[PlyCount "63"]
[WhiteFideId "16249160"]
[BlackFideId "16287061"]
[EventCountry "GER"]
[EventRounds "9"]
[EventType "swiss"]
[EventDate "2019.06.08"]

1. d4 Nf6 2. c4 d6 3. g3 g6 4. Bg2 Bg7 5. Nf3 O-O 6. Nc3 e6 7. O-O Nc6 8. e4
Ne7 9. b4 Nd7 10. Re1 e5 11. d5 f5 12. Rb1 Nf6 13. Qc2 fxe4 14. Nxe4 Nxe4 15.
Rxe4 Bf5 16. Ng5 Bxe4 17. Qxe4 Rf7 18. Nxf7 Kxf7 19. Bh3 Kg8 20. Be6+ Kh8 21.
Bg5 Qf8 22. c5 Nf5 23. f4 h6 24. Bh4 exf4 25. Qxf4 dxc5 26. Bxf5 gxf5 27. Qxc7
Bd4+ 28. Kg2 cxb4 29. Be7 Qe8 30. Rxb4 Bb6 31. Bf6+ Kg8 32. Qg7# 1-0

[Event "DEM U10 2019"]
[Site "Willingen GER"]
[Date "2019.06.12"]
[Round "6"]
[White "Grabs, Peter"]
[Black "Helms, Finn"]
[Result "0-1"]
[Termination "normal"]
[Board "1"]
[WhiteTitle "CM"]
[WhiteElo "1575"]
[BlackElo "1773"]
[WhiteClock "00:13:43"]
[BlackClock "00:58:11"]
[PlyCount "90"]
[WhiteFideId "16203887"]
[BlackFideId "16249143"]
[EventCountry "GER"]
[EventRounds "11"]
[EventType "swiss"]
[EventDate "2019.06.08"]

1. e4 {[%clk 1:15:55]} 1... c6 {[%clk 1:15:55]} 2. d4 {[%clk 1:16:21]} 2... d5
{[%clk 1:16:20]} 3. exd5 {[%clk 1:16:47]} 3... cxd5 {[%clk 1:16:45]} 4. Bd3 {
[%clk 1:17:10]} 4... Nc6 {[%clk 1:17:10]} 5. c3 {[%clk 1:17:23]} 5... Qc7 {
[%clk 1:17:33]} 6. Ne2 {[%clk 1:17:20]} 6... Bg4 {[%clk 1:17:56]} 7. f3 { [%clk
1:17:17]} 7... Bh5 {[%clk 1:18:16]} 8. O-O {[%clk 1:17:28]} 8... Nf6 { [%clk
1:18:29]} 9. Bf4 {[%clk 1:17:13]} 9... Qd7 {[%clk 1:18:46]} 10. Re1 { [%clk
1:16:28]} 10... e6 {[%clk 1:18:47]} 11. Nd2 {[%clk 1:03:06]} 11... Bd6 { [%clk
1:18:27]} 12. Bxd6 {[%clk 1:00:36]} 12... Qxd6 {[%clk 1:18:51]} 13. Ng3 { [%clk
0:58:48]} 13... O-O {[%clk 1:18:02]} 14. Ndf1 {[%clk 0:54:07]} 14... Bg6 {[%clk
1:17:37]} 15. Bxg6 {[%clk 0:53:46]} 15... hxg6 {[%clk 1:17:48]} 16. Qd3 {[%clk
0:51:34]} 16... a6 {[%clk 1:16:31]} 17. Nh1 {[%clk 0:45:08]} 17... b5 { [%clk
1:16:34]} 18. Nf2 {[%clk 0:43:39]} 18... b4 {[%clk 1:16:28]} 19. Ne3 { [%clk
0:41:46]} 19... bxc3 {[%clk 1:16:29]} 20. bxc3 {[%clk 0:41:17]} 20... Na5
{[%clk 1:16:27]} 21. Rac1 {[%clk 0:31:35]} 21... Rac8 {[%clk 1:13:35]} 22. c4 {
[%clk 0:30:33]} 22... Nxc4 {[%clk 1:12:29]} 23. Nxc4 {[%clk 0:29:28]} 23...
Rxc4 {[%clk 1:12:22]} 24. Rxc4 {[%clk 0:29:48]} 24... dxc4 {[%clk 1:12:48]} 25.
Qxc4 {[%clk 0:30:12]} 25... Rd8 {[%clk 1:12:49]} 26. Rd1 {[%clk 0:29:43]} 26...
Nd5 {[%clk 1:10:39]} 27. Ne4 {[%clk 0:16:05]} 27... Qb6 {[%clk 1:07:04]} 28.
Kf2 {[%clk 0:15:33]} 28... Nf4 {[%clk 1:01:44]} 29. g3 {[%clk 0:13:34]} 29...
Nd5 {[%clk 1:01:06]} 30. Qc5 {[%clk 0:12:26]} 30... Qb7 {[%clk 0:59:38]} 31.
Rd2 {[%clk 0:11:43]} 31... Qb1 {[%clk 0:53:25]} 32. Qa3 {[%clk 0:04:51]} 32...
Qb6 {[%clk 0:44:24]} 33. Qc5 {[%clk 0:05:35]} 33... a5 {[%clk 0:43:35]} 34.
Qxb6 {[%clk 0:03:45]} 34... Nxb6 {[%clk 0:43:59]} 35. Nc5 {[%clk 0:04:07]}
35... e5 {[%clk 0:43:39]} 36. Nb7 {[%clk 0:03:22]} 36... Rd5 {[%clk 0:43:51]}
37. f4 {[%clk 0:02:03]} 37... exd4 {[%clk 0:43:45]} 38. Kf3 {[%clk 0:02:21]}
38... f5 {[%clk 0:43:36]} 39. g4 {[%clk 0:02:30]} 39... Kf7 {[%clk 0:42:44]}
40. gxf5 {[%clk 0:02:37]} 40... gxf5 {[%clk 0:43:03]} 41. Ke2 {[%clk 0:02:56]}
41... Nc4 {[%clk 0:42:36]} 42. Rd3 {[%clk 0:15:20]} 42... Ke7 {[%clk 0:57:38]}
43. a4 {[%clk 0:13:15]} 43... Nb2 {[%clk 0:57:26]} 44. Rd2 {[%clk 0:13:20]}
44... d3+ {[%clk 0:57:47]} 45. Ke1 {[%clk 0:13:43]} 45... Nc4 {[%clk 0:58:11]}
0-1

[Event "DEM U10 2019"]
[Site "Willingen GER"]
[Date "2019.06.12"]
[Round "6"]
[White "Sommer, Justus"]
[Black "Sauer, Tim"]
[Result "1-0"]
[Termination "normal"]
[Board "3"]
[WhiteElo "1684"]
[BlackElo "1553"]
[WhiteClock "00:08:34"]
[BlackClock "00:09:40"]
[PlyCount "89"]
[WhiteFideId "16245008"]
[BlackFideId "16265726"]
[EventCountry "GER"]
[EventRounds "11"]
[EventType "swiss"]
[EventDate "2019.06.08"]

1. e4 {[%clk 1:14:24]} 1... c6 {[%clk 1:15:54]} 2. d4 {[%clk 1:14:47]} 2... d5
{[%clk 1:16:20]} 3. exd5 {[%clk 1:15:06]} 3... cxd5 {[%clk 1:16:45]} 4. Bd3 {
[%clk 1:15:21]} 4... Nc6 {[%clk 1:17:12]} 5. c3 {[%clk 1:15:40]} 5... g6 {
[%clk 1:17:24]} 6. Bf4 {[%clk 1:15:21]} 6... Bg7 {[%clk 1:17:46]} 7. Nf3 {
[%clk 1:15:07]} 7... Nh6 {[%clk 1:17:45]} 8. O-O {[%clk 1:14:19]} 8... O-O {
[%clk 1:17:57]} 9. Re1 {[%clk 1:14:15]} 9... f6 {[%clk 1:17:17]} 10. Bc2 {
[%clk 1:09:34]} 10... Nf7 {[%clk 1:16:30]} 11. Nbd2 {[%clk 1:08:37]} 11... e5 {
[%clk 1:16:24]} 12. dxe5 {[%clk 1:05:56]} 12... fxe5 {[%clk 1:16:44]} 13. Be3 {
[%clk 1:05:09]} 13... e4 {[%clk 1:12:55]} 14. Nd4 {[%clk 1:05:05]} 14... Nfe5 {
[%clk 1:10:46]} 15. Nxc6 {[%clk 0:59:17]} 15... bxc6 {[%clk 1:09:31]} 16. Bc5 {
[%clk 0:57:43]} 16... Rf7 {[%clk 1:09:44]} 17. c4 {[%clk 0:54:54]} 17... Qg5 {
[%clk 1:07:03]} 18. Be3 {[%clk 0:47:40]} 18... Qh4 {[%clk 1:05:03]} 19. Qe2 {
[%clk 0:43:16]} 19... Bg4 {[%clk 0:53:29]} 20. Qf1 {[%clk 0:40:47]} 20... Nf3+
{[%clk 0:40:12]} 21. Nxf3 {[%clk 0:40:28]} 21... exf3 {[%clk 0:39:59]} 22. g3 {
[%clk 0:40:37]} 22... Qf6 {[%clk 0:30:30]} 23. cxd5 {[%clk 0:32:16]} 23... cxd5
{[%clk 0:29:56]} 24. Bb3 {[%clk 0:32:16]} 24... Rd7 {[%clk 0:29:27]} 25. Rad1 {
[%clk 0:31:07]} 25... Be6 {[%clk 0:27:09]} 26. Bd4 {[%clk 0:29:15]} 26... Qf7 {
[%clk 0:27:19]} 27. Bxg7 {[%clk 0:29:24]} 27... Kxg7 {[%clk 0:27:46]} 28. Qd3 {
[%clk 0:28:24]} 28... Rd6 {[%clk 0:24:19]} 29. Re3 {[%clk 0:25:18]} 29... Rf8 {
[%clk 0:24:17]} 30. Rde1 {[%clk 0:25:29]} 30... Qf6 {[%clk 0:23:39]} 31. Qd2 {
[%clk 0:24:15]} 31... Qf5 {[%clk 0:20:11]} 32. Qd3 {[%clk 0:22:07]} 32... Qf6 {
[%clk 0:18:18]} 33. Re5 {[%clk 0:20:13]} 33... Qf7 {[%clk 0:15:23]} 34. Qe3 {
[%clk 0:18:57]} 34... Rc8 {[%clk 0:14:03]} 35. h4 {[%clk 0:15:23]} 35... d4 {
[%clk 0:10:31]} 36. Qe4 {[%clk 0:12:42]} 36... Bf5 {[%clk 0:08:38]} 37. Re7 {
[%clk 0:10:10]} 37... Bxe4 {[%clk 0:08:17]} 38. Rxf7+ {[%clk 0:10:32]} 38...
Kh6 {[%clk 0:08:42]} 39. Rxe4 {[%clk 0:10:31]} 39... d3 {[%clk 0:08:46]} 40.
Ree7 {[%clk 0:08:49]} 40... Kh5 {[%clk 0:08:53]} 41. Rxh7+ {[%clk 0:08:46]}
41... Kg4 {[%clk 0:09:17]} 42. Kh2 {[%clk 0:07:44]} 42... d2 {[%clk 0:09:31]}
43. Re4+ {[%clk 0:07:57]} 43... Kf5 {[%clk 0:09:49]} 44. Rf4+ {[%clk 0:08:14]}
44... Ke5 {[%clk 0:09:40]} 45. Re7+ {[%clk 0:08:34]} 1-0